Overload

Guardat en:
Dades bibliogràfiques
Autor principal: Hailey, Arthur (Autor)
Format: Llibre
Idioma:anglès
Publicat: Londres Book Club Associates 1979
Matèries:
Etiquetes: Afegir etiqueta
Sense etiquetes, Sigues el primer a etiquetar aquest registre!

MARC

LEADER 00000cam a2200000 a 4500
001 UCF5350
003 CL-VaPUC
008 130307e19790000UK |||||||||||||||||eng|d
082 0 4 |a C813  |b HAI  |2 21 
100 |a Hailey, Arthur  |e author  |9 568700 
245 1 0 |a Overload 
300 |a 447 p 
942 |c BK 
945 |d 20130307 00:00:00  |a dcastane 
260 |a Londres  |b Book Club Associates  |c 1979 
650 0 |a Novelas canadienses  |9 261026 
650 0 |a Literatura canadiense  |9 342826 
583 |a last modification  |c 20130307 11:37:00  |k Rodrigo Vera 
999 |c 350899  |d 350897 
952 |0 0  |1 0  |4 0  |6 C_813_000000000000000_HAI_1979  |7 0  |8 A  |9 454636  |a BIBEDU  |b BIBEDU  |d 2019-11-22  |i 4949285  |o C813 HAI 1979  |p 4949285  |r 2019-11-22  |w 2019-11-22  |y BK  |k LIT